|
|
|
|
| LEADER |
00000nam1a2200000 4500 |
| 001 |
192184 |
| 005 |
20231031181026.0 |
| 035 |
|
|
|a (RuTPU)RU\TPU\book\209566
|
| 090 |
|
|
|a 192184
|
| 100 |
|
|
|a 20110221d2003 m y0rusy50 ca
|
| 101 |
0 |
|
|a rus
|
| 102 |
|
|
|a RU
|
| 200 |
1 |
|
|a Теоретические основы электротехники. Решения типовых задач
|e учебное пособие
|f А. М. Купцов
|g Томский политехнический университет (ТПУ), Институт дистанционного образования (ИДО)
|
| 210 |
|
|
|a Томск
|c Изд-во ТПУ
|d 2003-
|
| 700 |
|
1 |
|a Купцов
|b А. М.
|c специалист в области электротехники
|c доцент Томского политехнического университета, кандидат технических наук
|f 1940-
|g Анатолий Михайлович
|2 stltpush
|3 (RuTPU)RU\TPU\pers\27986
|
| 712 |
0 |
2 |
|a Томский политехнический университет (ТПУ)
|b Институт дистанционного образования (ИДО)
|2 stltpush
|3 (RuTPU)RU\TPU\col\12625
|
| 801 |
|
1 |
|a RU
|b 63413507
|c 20110221
|
| 801 |
|
2 |
|a RU
|b 63413507
|c 20121218
|g RCR
|
| 942 |
|
|
|c BK
|